Southville International School and Colleges
Your cart is empty.
  • Cart
  • Lists
    Public lists Eva Luna New books Lux_list list_1
    Your lists Log in to create your own lists
  • Log in to your account
  • Your cookies
  • Search history
Southville International School and Colleges
  • Advanced search
  • Recent comments
  • Most popular
  • Libraries

Log in to your account

Log in with GOOGLE


If you do not have an external account, but do have a local account, you can still log in:

  1. Home
  2. MARC view: The importance of being earnest /
Normal view MARC view ISBD view

The importance of being earnest / (Record no. 288199)

[ view plain ]
MARC details
000 -LEADER
fixed length control field 00482nam a2200169Ia 4500
008 - FIXED-LENGTH DATA ELEMENTS--GENERAL INFORMATION
fixed length control field 150610s9999 xx 000 0 und d
020 ## - INTERNATIONAL STANDARD BOOK NUMBER
International Standard Book Number 0 486264785
050 ## - LIBRARY OF CONGRESS CALL NUMBER
Classification number PR5818
Item number .I4 1990
100 ## - MAIN ENTRY--PERSONAL NAME
Personal name Wilde, Oscar, 1854-1900
245 #4 - TITLE STATEMENT
Title The importance of being earnest /
Statement of responsibility, etc Oscar Wilde.
260 ## - PUBLICATION, DISTRIBUTION, ETC. (IMPRINT)
Place of publication, distribution, etc New York :
Name of publisher, distributor, etc Dover Publications,
Date of publication, distribution, etc 1990.
300 ## - PHYSICAL DESCRIPTION
Extent 54pages ;
Dimensions 21 cm.
520 ## - SUMMARY, ETC.
Summary, etc Drama.
650 ## - SUBJECT ADDED ENTRY--TOPICAL TERM
Topical term or geographic name as entry element England
General subdivision Drama.
650 ## - SUBJECT ADDED ENTRY--TOPICAL TERM
Topical term or geographic name as entry element Foundlings
General subdivision Drama.
650 ## - SUBJECT ADDED ENTRY--TOPICAL TERM
Topical term following geographic name as entry element Comedies.
Holdings
Withdrawn status Lost status Damaged status Home library Current library Shelving location Date acquired Total Checkouts Full call number Barcode Date last seen Price effective from Koha item type
      Stonyhurst Southville International School (Batangas) Stonyhurst Southville International School (Batangas) High School Section 06/10/2015   PR5818.I4 1990 US-1581 06/10/2015 06/10/2015 Books

The importance of being earnest /

APA

Wilde, . (1990). The importance of being earnest. New York: Dover Publications.

Chicago

Wilde, . 1990. The importance of being earnest. New York: Dover Publications.

Harvard

Wilde, . (1990). The importance of being earnest. New York: Dover Publications.

MLA

Wilde, . The importance of being earnest. New York: Dover Publications. 1990.

  • Place hold
  • Print
  • Cite
  • Add to your cart (remove)
  • Save record
    BIBTEX Dublin Core MARCXML MARC (non-Unicode/MARC-8) MARC (Unicode/UTF-8) MARC (Unicode/UTF-8, Standard) MODS (XML) RIS
  • More searches
    Search for this title in:
    Other Libraries (WorldCat) Other Databases (Google Scholar) Online Stores (Bookfinder.com) Open Library (openlibrary.org)

Exporting to Dublin Core...

SOUTHVILLE LIBRARY

Southville International School and Colleges Library

1281 Tropical Ave. Cor. Luxembourg St., BF Homes International, Las Pinas City

Tel. No. 8256374 / 252358 Loc. 117/146

Powered by Koha